| 000 | 01740cam a2200349 a 4500 | ||
|---|---|---|---|
| 001 | 000004253 | ||
| 005 | 20200929151422.0 | ||
| 008 | 810924s1987 ag b 001 0 spa | ||
| 020 | _a950180089x | ||
| 040 |
_aDO-SdBNP _dBNPHU |
||
| 041 | 1 | 7 |
_aspa _heng _2Código de idioma MARC |
| 082 |
_a813.5409 _bK184n |
||
| 100 | 1 |
_aKarl, Frederick R., _d1927- _912570 |
|
| 240 | 1 | 0 |
_aAmerican fictions, 1940-1980. _lEspañol |
| 245 | 1 | 0 |
_aNarrativa norteamericana, (1940-1980) : _bla novela, el cuento, la novela no ficticia / _cFrederick R. Karl ; traducción de Alejandra Guibert Riera. |
| 260 |
_aBuenos Aires, Argentina : _bTres Tiempos, _c1987. |
||
| 300 |
_a2 v ; _c30 cm. |
||
| 490 | 1 |
_aEnsayos _v43 |
|
| 504 | _aIncluye referencias bibliográficas e índice. | ||
| 505 | 2 | _av. 1. Temas y subtemas. El espacio y lo espacial en Estados Unidos. La persistencia de lo pastoral. La guerra y la novela : antes y después. Crecer en los Estados Unidos: los años 40 y de allí en en adelante. La década de la imitación. La novela política: de los años 50 en adelante. | |
| 505 | 2 | _av. 2. Los años 60: la mujer que grito yo soy. Las posibilidades del minimalismo. La experiencia de la mujer. Los años 70: donde estamos. La novela no ficticia. Quienes somos y hacia donde vamos. | |
| 534 |
_pTítulo original en inglés: _tAmerican fictions, 1940-1980. |
||
| 650 | 4 |
_aLiteratura estadounidense _9263 |
|
| 650 | 4 |
_aNovela estadounidense _9262 |
|
| 650 | 4 |
_aCuentos estadounidense _910646 |
|
| 650 | 4 |
_aEnsayos estadounidenses _99895 |
|
| 650 | 4 |
_aNovela de ciencia ficción americana _912571 |
|
| 700 | 1 |
_aGuibert Riera, Alejandra, _etr. _912572 |
|
| 830 | 0 |
_aEnsayos ; _v43. _911110 |
|
| 910 | _aCatalogación derivada | ||
| 910 | _aWM | ||
| 999 |
_c4067 _d4067 |
||